Orthographe - Mort Subite #2 - Statistiques

Statistiques générales
  • Ce quiz a été pris 193 fois
  • Le résultat moyen est 3 sur 12
Answers on the Grid
Answers color-coded by a green-red scale on the quiz's grid according to % correct below.
Échalote
Halètement
Soubresaut
Palanquin
Dysenterie
Bougainvillier
Agueusie
Exsangue
Rhododendron
Chrysanthème
Hyménoptère
Tautologie
Circonvolusion
Accoustique
Renouvèlement
Abbréviation
Charriot
Flébite
Lapssus
Épentèse
Anacolute
Quiessent
Cryptogamme
Phycoscyanine
 
Statistiques - réponses
Réponse % Correct
Chrysanthème
42%
Échalote
37%
Halètement
34%
Exsangue
32%
Soubresaut
32%
Rhododendron
30%
Tautologie
29%
Dysenterie
23%
Agueusie
19%
Bougainvillier
19%
Palanquin
19%
Hyménoptère
18%
Aucun quiz correspondant
Distribution des résultats
% des personnes avec chaque résultat
Percentile par nombre de réponses
Votre historique - résultats
Vous n’avez pas pris ce quiz